| 000 | 00847nam a2200241 a 4500 | ||
|---|---|---|---|
| 001 | 2199 | ||
| 005 | 20221127090401.0 | ||
| 008 | 100707s lxxua | 00100|eng d | ||
| 020 |
_a9781578512331: _cSR90.00 |
||
| 035 | _a448 | ||
| 082 | 0 | 4 |
_a658.4083 _bH261 2008 |
| 245 | 0 | 0 |
_aHarvard business review on profiting from green business / _ccontributors, David Biddle ... [et al.]. |
| 246 | 0 | _aProfiting from green business. | |
| 260 |
_aBoston, Mass. : _bHarvard Business School Press, _c2008. |
||
| 300 |
_avii, 251 : _bill. ; _c21 cm. |
||
| 440 | 0 | _aHarvard business review paperback series. | |
| 504 | _aIncludes bibl. references and index. | ||
| 650 | 4 |
_aIndustrial management _xEnvironmental aspects. |
|
| 650 | 4 | _aGreen movement. | |
| 650 | 4 |
_aManagement _xSocial aspects. |
|
| 700 | 0 | _aBiddle, David. | |
| 710 | 2 | _aHarvard Business School. | |
| 999 |
_c2197 _d2197 |
||